| 000 | 00514pab a2200169 454500 | ||
|---|---|---|---|
| 008 | 180718b1996 xxu||||| |||| 00| 0 eng d | ||
| 100 | _aAyeni, Victor O. | ||
| 245 | _aThe internship programme in university level public management education in Africa | ||
| 260 | _c1996 | ||
| 300 | _ap.89-107 | ||
| 362 | _aMar | ||
| 650 | _aManagement - Study and teaching | ||
| 650 | _aManagement education | ||
| 650 | _aPublic administration | ||
| 773 | _aInternational Review of Administrative Sciences | ||
| 909 | _a31711 | ||
| 999 |
_c31711 _d31711 |
||